Central Library OPAC University of Rajshahi

মানিক বন্দ্যোপাধ্যায়ের জীবন ও সাহিত্য / (Record no. 41355)

MARC details
000 -LEADER
fixed length control field 01159nam a2200265 a 4500
001 - CONTROL NUMBER
control field 41355
003 - CONTROL NUMBER IDENTIFIER
rucl marc code BD-RjUL
005 - DATE AND TIME OF LATEST TRANSACTION
control field 20211209053354.0
008 - FIXED-LENGTH DATA ELEMENTS--GENERAL INFORMATION
fixed length control field 160529s2004 ii ||||| |||| 00| 0 ben d
020 ## - INTERNATIONAL STANDARD BOOK NUMBER
International Standard Book Number 818647322x
Terms of availability : IRs 120.00
035 ## - SYSTEM CONTROL NUMBER
System control number (BD-RjUL)41472
040 ## - CATALOGING SOURCE
Original cataloging agency BD-RjUL
Language of cataloging ben
Transcribing agency BD-RjUL
041 ## - LANGUAGE CODE
Language code of text/sound track or separate title ben
082 ## - DEWEY DECIMAL CLASSIFICATION NUMBER
Edition number 23
Classification number 891.443092
Author mark and year MIM 2004
100 ## - MAIN ENTRY--PERSONAL NAME
Personal name মিত্র, সরোজমোহন
9 (RLIN) 127167
245 10 - TITLE STATEMENT
Title মানিক বন্দ্যোপাধ্যায়ের জীবন ও সাহিত্য /
Statement of responsibility, etc. সরোজমোহন মিত্র
250 ## - EDITION STATEMENT
Edition statement ৫ম সং.
260 ## - PUBLICATION, DISTRIBUTION, ETC. (IMPRINT)
Place of publication, distribution, etc. কলিকাতা :
Name of publisher, distributor, etc. গ্রন্থালয় প্রাইভেট লিমিটেড,
Date of publication, distribution, etc. ২০০৪
300 ## - PHYSICAL DESCRIPTION
Pagination [১২], ৩৮৯ পৃ. ;
Size ২১ সেমি.
600 ## - SUBJECT ADDED ENTRY--PERSONAL NAME
Personal name Bandyopadhyay, Manik,
Dates associated with a name 1908-1956.
General subdivision Biography
Personal name বন্দ্যোপাধ্যায়, মানিক
Dates associated with a name ১৯০৮-১৯৫৬
General subdivision জীবনী
650 ## - SUBJECT ADDED ENTRY--TOPICAL TERM
Topical term or geographic name as entry element বাংলা সাহিত্য
9 (RLIN) 120100
Topical term or geographic name as entry element Bengali Literature
9 (RLIN) 123370
942 ## - ADDED ENTRY ELEMENTS (KOHA)
Source of classification or shelving scheme Dewey Decimal Classification
Koha item type Books
Holdings
Lost status Source of classification or shelving scheme Damaged status Not for loan Collection code Permanent Location Current Location Shelving location Date acquired Source of acquisition Cost, normal purchase price Total Checkouts Full call number Date last seen Date checked out Copy number Koha item type
  Dewey Decimal Classification     Non-fiction Central Library, University of Rajshahi Central Library, University of Rajshahi   21/03/2006 Dhaka : Paragon Enterprise 120.00 10 B 891.443092 MIM 2004 22/04/2026 13/04/2026 C-2 Books
  Dewey Decimal Classification     Non-fiction Central Library, University of Rajshahi Central Library, University of Rajshahi   21/03/2006 Paragon Enterprises 120.00 1 B 891.443092 MIM 2004 19/02/2025 17/02/2025 C-3 Books